000 00986nam a2200289 i 4500
001 15617
003 ES-MaACL
005 20250902063050.0
007 t|
008 000406s1997 sp ||||1| spa d
020 _a84-8164-168-5
080 _a308(450)
080 _a32(450)
100 1 _aPasolini, Pier Paolo,
_d1922-1975
_989424
245 1 0 _aCartas luteranas /
_cPier Paolo Pasolini ; traducción de Josep Torrell, Antonio Giménez Merino y Juan Ramón Capella.
260 _aMadrid :
_bTrotta,
_c[1997]
300 _a158 p. ;
_c23 cm.
490 1 _aLa Dicha de enmudecer. Serie narrativa
651 4 _aItalia-
_xSituación social.
_98877
651 4 _aItalia-
_xPolítica y gobierno-
_y1945-1976.
_9151540
700 1 _aTorrell, Josep.
_9110814
700 1 _aGiménez Merino, Antonio.
_957057
700 1 _aCapella, Juan-Ramón.
_934819
830 0 _aLa Dicha de enmudecer. Serie narrativa
_9228593
852 _aES-MaACL
_jL-22687
999 _c15617
_d15617